00604 2200217 4500001002100000005001500021035002000036245007800056100001900134250002600153300004400179856000600223700002200229260004800251082001000299084001600309020001800325600001900343520000600362990001800368INLIS00000000003658420240730012944 a0010-07240005441 aShoping Saham modal Sejuta :bdari Nol sampai mahir /cJere Jefferson dkk0 aJere Jefferson acetakan ketujuh belas a239 halaman :bilustrasi ;c12x19 cme- a-0 aNaning Sudjatmiko aJakarta :bPT. Elek media komputindo,c2018 a332.6 a332.6 JER s a9786020401782 4aJere Jefferson a- a57455 / H asn